Olin's Construction : (Record no. 14816)
[ view plain ]
| 000 -LEADER | |
|---|---|
| fixed length control field | 02155cam a2200361 a 4500 |
| 001 - CONTROL NUMBER | |
| control field | 14518901 |
| 005 - DATE AND TIME OF LATEST TRANSACTION | |
| control field | 20080321083508.0 |
| 008 - FIXED-LENGTH DATA ELEMENTS--GENERAL INFORMATION | |
| fixed length control field | 060825s2007 njua b 001 0 eng |
| 010 ## - LIBRARY OF CONGRESS CONTROL NUMBER | |
| LC control number | 2006028489 |
| 020 ## - INTERNATIONAL STANDARD BOOK NUMBER | |
| International Standard Book Number | 0471714054 |
| 020 ## - INTERNATIONAL STANDARD BOOK NUMBER | |
| International Standard Book Number | 9780471714057 |
| 035 ## - SYSTEM CONTROL NUMBER | |
| System control number | (OCoLC)ocm71286611 |
| 035 ## - SYSTEM CONTROL NUMBER | |
| System control number | (OCoLC)71286611 |
| 040 ## - CATALOGING SOURCE | |
| Original cataloging agency | DLC |
| Transcribing agency | DLC |
| Modifying agency | BAKER |
| -- | C#P |
| -- | YDX |
| -- | YDXCP |
| -- | OMB |
| -- | BTCTA |
| -- | LVB |
| -- | DLC |
| 050 00 - LIBRARY OF CONGRESS CALL NUMBER | |
| Classification number | TH145 |
| Item number | .S513 2007 |
| 082 00 - DEWEY DECIMAL CLASSIFICATION NUMBER | |
| Classification number | 690 |
| Edition number | 22 |
| Item number | SIM |
| 100 1# - MAIN ENTRY--PERSONAL NAME | |
| Personal name | Simmons, H. Leslie. |
| 9 (RLIN) | 21004 |
| 245 10 - TITLE STATEMENT | |
| Title | Olin's Construction : |
| Remainder of title | Principles, Materials, and Methods / |
| Statement of responsibility, etc | H. Leslie Simmons. |
| 250 ## - EDITION STATEMENT | |
| Edition statement | 8th ed. |
| 260 ## - PUBLICATION, DISTRIBUTION, ETC. (IMPRINT) | |
| Place of publication, distribution, etc | Hoboken : |
| Name of publisher, distributor, etc | J. Wiley & Sons, 2007 |
| Date of publication, distribution, etc | c2007. |
| 300 ## - PHYSICAL DESCRIPTION | |
| Extent | lvii, 1213 p. : |
| Other physical details | ill. ; |
| Dimensions | 29 cm. |
| 500 ## - GENERAL NOTE | |
| General note | Rev. ed. of: Construction : principles, materials, and methods. 7th ed. 2001. |
| 504 ## - BIBLIOGRAPHY, ETC. NOTE | |
| Bibliography, etc | Includes bibliographical references and index. |
| 505 0# - FORMATTED CONTENTS NOTE | |
| Formatted contents note | Design and contracting requirements -- Existing conditions -- Concrete -- Masonry -- Metals -- Wood, plastics, and composites -- Thermal and moisture protection -- Openings -- Finishes -- Specialties -- Equipment -- Furnishings -- Special construction -- Conveying systems -- Fire suppression -- Plumbing -- Heating, ventilating, and air conditioning (HVAC) -- Electrical -- Communications -- Electronic safety and securitiy -- Earthwork -- Exterior improvements -- Utilities -- Properties of materials -- The metric system of measurement. |
| 650 #0 - SUBJECT ADDED ENTRY--TOPICAL TERM | |
| Topical term or geographic name as entry element | Building. |
| 9 (RLIN) | 21005 |
| 700 1# - ADDED ENTRY--PERSONAL NAME | |
| Personal name | Simmons, H. Leslie. |
| Title of a work | Construction. |
| 9 (RLIN) | 21006 |
| 856 41 - ELECTRONIC LOCATION AND ACCESS | |
| Materials specified | Table of contents only |
| Uniform Resource Identifier | <a href="http://www.loc.gov/catdir/toc/ecip0620/2006028489.html">http://www.loc.gov/catdir/toc/ecip0620/2006028489.html</a> |
| 856 42 - ELECTRONIC LOCATION AND ACCESS | |
| Materials specified | Contributor biographical information |
| Uniform Resource Identifier | <a href="http://www.loc.gov/catdir/enhancements/fy0826/2006028489-b.html">http://www.loc.gov/catdir/enhancements/fy0826/2006028489-b.html</a> |
| 856 42 - ELECTRONIC LOCATION AND ACCESS | |
| Materials specified | Publisher description |
| Uniform Resource Identifier | <a href="http://www.loc.gov/catdir/enhancements/fy0826/2006028489-d.html">http://www.loc.gov/catdir/enhancements/fy0826/2006028489-d.html</a> |
| 942 ## - ADDED ENTRY ELEMENTS (KOHA) | |
| Source of classification or shelving scheme | Dewey Decimal Classification |
| Item type | Book - Borrowing |
| Withdrawn status | Item status | Source of classification or shelving scheme | Damaged status | Not for loan | Vendor | Home library | Current library | Shelving location | Date acquired | Source of acquisition | Total Checkouts | Total Renewals | Full call number | Barcode | Date last seen | Date last borrowed | Koha item type |
|---|---|---|---|---|---|---|---|---|---|---|---|---|---|---|---|---|---|
| Dewey Decimal Classification | Central Library | Central Library | First floor | 07/11/2010 | 5 | 3 | 690 SIM | 000022521 | 15/07/2025 | 10/12/2015 | Book - Borrowing |